00736 2200301 4500001002100000008004100021035002000062245006200082100002000144250002000164260004900184300002000233020002200253084002300275082001700298650002000315990000900335990000900344990000900353990000900362990000900371990000900380990000900389990000900398990000900407990000900416990000900425INLIS000000000001561 ind  a0010-0425001561 aPembuatan Sabun ColekbSeri KeterampilancBudi Ardiansyah aBudi Ardiansyah aCetakan pertama aJakarta :bPT Nusantaralestari Ceriapratama, a50 hlm.c21 cm. a978-602-8261-07-4 a636.088 5.12 BUD p a636.088 5.12 aBudi Ardiansyah a5071 a5072 a5073 a5074 a5075 a5076 a5077 a5078 a5079 a5080 a5081